|
|
|
|
| LEADER |
00736 a2200145 4500 |
| 999 |
|
|
|c 93514
|d 93514
|
| 020 |
|
|
|a 9788182648197
|
| 082 |
|
|
|a M A301 JAM/V
|b Q0
|
| 100 |
|
|
|a James, V J(ജയിംസ്, വി ജെ).
|9 55252
|
| 245 |
|
|
|a Vyaakulamaathavinte kannaadikkoodu(വ്യാകുലമാതാവിന്റെ കണ്ണാടിക്കൂട്):
|b kathakal(കഥകള്)/
|c V J James(വി ജെ ജയിംസ്).
|
| 260 |
|
|
|a Kozhikode:
|b Mathrubhumi Books,
|c 2010.
|
| 300 |
|
|
|a 95 p.
|
| 650 |
|
|
|a Short stories, Malayalam.
|9 55341
|
| 942 |
|
|
|c BK
|
| 952 |
|
|
|0 0
|1 0
|4 0
|6 M_A301_JAM_V_Q0
|7 0
|8 MAL
|9 86009
|a MGUL
|b MGUL
|c GEN
|d 2016-06-20
|e Mathrubhumi Books Bill No 23 dated 18.05.2016
|g 60.00
|l 0
|o M A301 JAM/V Q0
|p 55587
|r 2016-10-21
|y BK
|